000 00850nam a22002057a 4500
999 _c13551
_d13551
003 AR-CdUCM
008 190415b ||||| |||| 00| 0 spa d
040 _aMUNICIPALIDAD PROVINCIAL DEL CUSCO
_cBIBLIOTECA MUNICIPAL DEL CUSCO
082 _aC/ 379 /
_bS18
100 _aSalas Rodriguez, J. Wilbert
_92211
245 _aHistoria general de la educación :
_bprimera parte /
260 _aCusco :
_bUNSAAC,
_c1966.
300 _a252 páginas ;
_c29 cm.
505 _aEl objeto de estudio de historia de la educación -- La política educativa -- División de la historia general de la educación -- Factores de la historia general de la educación y fuentes propias para su estudio...
650 _aHistoria de la educación.
_98386
650 _aEducación.
_9460
650 _aPedagogía.
_91560
942 _2ddc
_cLIBROS
945 _awfj
_d2019-04-15